Quiz Types - Statistics

General Stats
  • This quiz has been taken 11 times
  • The average score is 4 of 5
Answer Stats
Type % Correct
Click Map Quiz
89%
Text Quiz
89%
Multiple Choice
78%
Picture Quiz
67%
Tile Select Quiz
56%
No matching quizzes found
Score Distribution
Percent of People with Each Score
Percentile by Number Answered
Your Score History
You have not taken this quiz